000 00407nam a22001337a 4500
999 _c130034
_d130034
008 191114b ||||| |||| 00| 0 eng d
050 _aREF. L94.O98
100 _aWatkins, Kevin
_948673
245 _aThe Oxfam education report
_cKevin Watkins
260 _aLondon
_bAn Oxfam Publication
_c2000
300 _ax, 403p. ;
_c25cm.
650 _aEducation
_xDeveloping countries
_923062
942 _2lcc
_cMONOGRAPH